Human Values and Professional Ethics (Record no. 6289)

MARC details
000 -LEADER
fixed length control field 00422nam a22001697a 4500
005 - DATE AND TIME OF LATEST TRANSACTION
control field 20200518143214.0
008 - FIXED-LENGTH DATA ELEMENTS--GENERAL INFORMATION
fixed length control field 200518b xxu||||| |||| 00| 0 eng d
041 ## - LANGUAGE CODE
Language code of text/sound track or separate title eng
082 ## - DEWEY DECIMAL CLASSIFICATION NUMBER
Classification number 174.95
100 ## - MAIN ENTRY--AUTHOR NAME
Personal name Mittal Dr. Chanchal
245 ## - TITLE STATEMENT
Title Human Values and Professional Ethics
250 ## - EDITION STATEMENT
Edition statement 1'st
260 ## - PUBLICATION, DISTRIBUTION, ETC. (IMPRINT)
Place of publication Modinagar (UP)
Name of publisher Unnati Publication
Year of publication 2020
300 ## - PHYSICAL DESCRIPTION
Number of Pages 6.11
650 ## - SUBJECT ADDED ENTRY--TOPICAL TERM
Topical Term Pharmacy
942 ## - ADDED ENTRY ELEMENTS (KOHA)
Koha item type Books
Holdings
Lost status Damaged status Collection code Home library Current library Shelving location Date acquired Source of acquisition Cost, normal purchase price Full call number Accession Number Koha item type
    Reference JRU Library JRU Library SHELF - 10 - E 18/05/2020 PURCHASE 129.00 174.95 24034 Books
    PHARMACY JRU Library JRU Library Shelf - 25- F 18/05/2020 PURCHASE 129.00 174.95 24035 Books
    PHARMACY JRU Library JRU Library Shelf - 25- F 18/05/2020 PURCHASE 129.00 174.95 24036 Books
    PHARMACY JRU Library JRU Library Shelf - 25- F 18/05/2020 PURCHASE 129.00 174.95 24037 Books
    PHARMACY JRU Library   Shelf - 23- H 18/05/2020 PURCHASE 129.00 174.95 24038 Books